Modernizácia obsahu a metód výučby cudzích jazykov na Vysokej škole ekonomickej výskumná úloha RŠ VII-1-03/02
Enregistré dans:
| Format: | Livre |
|---|---|
| Langue: | slovaque |
| Publié: |
Bratislava
VŠE
1989
|
| Tags: |
Pas de tags, Soyez le premier à ajouter un tag!
|
MARC
| LEADER | 00000nam a2200000 4500 | ||
|---|---|---|---|
| 001 | c033372 | ||
| 005 | 20260325125154.7 | ||
| 041 | 0 | |a slo | |
| 044 | |a SK | ||
| 245 | 1 | 0 | |a Modernizácia obsahu a metód výučby cudzích jazykov na Vysokej škole ekonomickej |b výskumná úloha RŠ VII-1-03/02 |
| 264 | 1 | |a Bratislava |b VŠE |c 1989 | |
| 300 | |a 36 s. | ||